00391 2200157 4500001002100000005001500021035002000036245005800056100001700114300001200131260004400143082000800187084001400195990001200209990001200221INLIS00000000000204920250527092055 a0010-05250003411 aLatihan Dasar Andal Sepak Bola Remaja /cRobert Koger0 aRobert Koger a143 hlm aJakarta :bSaka Mitra Kompetensi,c2007 a700 a700 ROB l a0712980 a0712981